COMRA Course Management Remote Assistant (Record no. 8944)

000 -LEADER
fixed length control field 00538 a2200145 4500
040 ## - CATALOGING SOURCE
Original cataloging agency DLC
082 ## - DEWEY DECIMAL CLASSIFICATION NUMBER
Classification number BIT-2
100 ## - MAIN ENTRY--PERSONAL NAME
Personal name Hamid Ali Raja.
9 (RLIN) 93252
245 ## - TITLE STATEMENT
Title COMRA Course Management Remote Assistant
Statement of responsibility, etc. Hamid Ali Raja.
260 ## - PUBLICATION, DISTRIBUTION, ETC.
Place of publication, distribution, etc. Islamabad :
Name of publisher, distributor, etc. NUST School of Electrical Engineering & Computer Science,
Date of publication, distribution, etc. 2004.
300 ## - PHYSICAL DESCRIPTION
Extent xvi, 117 p. :
Other physical details ill. ;
Dimensions 27 cm. +
Accompanying material CD-ROM.
500 ## - GENERAL NOTE
General note Supervisors : Dr. Sharifullah Khan, Mr. Zaheer Abbas Khan.
856 ## - ELECTRONIC LOCATION AND ACCESS
Uniform Resource Identifier <a href="http://10.250.8.41:8080/xmlui/handle/123456789/13123">http://10.250.8.41:8080/xmlui/handle/123456789/13123</a>
942 ## - ADDED ENTRY ELEMENTS (KOHA)
Koha item type Project Report
Call number prefix BIT-2 HAM
Source of classification or shelving scheme
Holdings
Withdrawn status Lost status Source of classification or shelving scheme Damaged status Not for loan Permanent Location Current Location Shelving location Date acquired Full call number Barcode Date last seen Price effective from Koha item type
WITHDRAWN         Central Library (CL) Central Library (CL) General Stacks 06/03/2014 BIT-2 HAM SEECSP00106 11/14/2012 01/05/2017 Project Report
© 2023 Central Library, National University of Sciences and Technology. All Rights Reserved.